[Event "IECG CD.2005.0.00094 email"]
[Site "IECG email"]
[Date "2005.04.03"]
[Round "?"]
[White "Recio Chicharro, Luis"]
[Black "Bjarkason, Halldor"]
[Result "0-1"]
[WhiteElo "1463"]
[BlackElo "1500"]
[PlyCount "76"]
[EventDate "2005.04.03"]
[EventType "tourn (corr)"]
[EventRounds "6"]
[SourceTitle "Corr 2008"]
[Source "ChessBase"]
[SourceDate "2008.06.24"]
[SourceVersion "1"]
[SourceVersionDate "2008.06.24"]
[SourceQuality "1"]

1. d4 Nf6 2. c4 g6 3. Nc3 Bg7 4. e4 d6 5. Nf3 0-0 6. Be2 Nbd7 7. 0-0 e5 8. Be3 exd4 9. Nxd4 Nc5 10. f3 a5 11. Qd2 Nfd7 12. Bh6 Bxh6 13. Qxh6 Ne5 14. f4 Nc6 15. Nxc6 bxc6 16. f5 Qf6 17. fxg6 Qxg6 18. Qh4 f5 19. Rf3 Qf6 20. Qf2 Rb8 21. Bf1 Bd7 22. exf5 Rf7 23. g4 Rg7 24. Rg3 h5 25. h3 hxg4 26. hxg4 Qh4 27. Qh2 Qxh2+ 28. Kxh2 Rxb2+ 29. Bg2 Kf7 30. Rf1 Kf6 31. g5+ Rxg5 32. Rxg5 Kxg5 33. f6 Rb8 34. Ne4+ Nxe4 35. Bxe4 Rf8 36. f7 Be6 37. Rg1+ Kf4 38. Bg6 Bxc4 0-1